00000000nam##2200000za#4500
0019.571103
003CaOODSP
00520210624182548
007cr |||||||||||
008150406|2009||||xxc|||||o    f|0| 0 eng|d
040 |aCaOODSP|beng
043 |an-cn---
0861 |aNE22-4/167E-PDF
1101 |aCanada. |bNatural Resources Canada.
24510|aMapping spawning times and locations for ten commercially important fish species found on the Grand Banks of Newfoundland / |h[electronic resource]|cby: L.M.N. Ollerhead, ... [et al.].
260 |aOttawa - Ontario : |bNatural Resources Canada |c2004.
300 |a52p.|bfigs., graphs, maps, tables
4901 |aEnvironmental Studies Research Funds|v167
546 |a(Résumé en français.)
590 |a12-29-Supp|b2012-06-25
69007|aEnvironmental impact assessment|2gcpds
7201 |aOllerhead, L. M. N.
7760#|tMapping spawning times and locations for ten commercially important fish species found on the Grand Banks of Newfoundland, 2004 / |w(CaOODSP)9.619776
830#0|aEnvironmental Studies Research Funds ;|v167|w(CaOODSP)9.504902
85640|ahttp://publications.gc.ca|qPDF|s12036 KB|uhttps://publications.gc.ca/collections/collection_2011/rncan-nrcan/NE22-4-167-eng.pdf|y167